Rozdílnosti v soustavách územního plánování.

Porovnávanie rozdielov v chápaní územného plánovania u nás a vo Francúzsku. Systém, pojmy a nástroje územného plánovania vo Francúzsku (urbanistické operácie, parcelácia a sídla). Účel a obsah využitia územia pomocou COS (index podlažnej plochy). Príklad plánu využitia územia a územného projektu zón...

Descripción completa

Guardado en:
Detalles Bibliográficos
Autor principal: Moučka, J.
Formato: Capítulo de libro
Lenguaje:checo
Materias:
Etiquetas: Agregar Etiqueta
Sin Etiquetas, Sea el primero en etiquetar este registro!

MARC

LEADER 00000naa a2200000 4500
001 r005745
005 20220819181111.7
041 0 |a cze 
044 |a [CS] 
245 1 0 |a Rozdílnosti v soustavách územního plánování.  |c J. Moučka 
520 |a Porovnávanie rozdielov v chápaní územného plánovania u nás a vo Francúzsku. Systém, pojmy a nástroje územného plánovania vo Francúzsku (urbanistické operácie, parcelácia a sídla). Účel a obsah využitia územia pomocou COS (index podlažnej plochy). Príklad plánu využitia územia a územného projektu zón. 
610 2 0 |a plánovanie územné 
610 2 0 |a ČSFR 
610 2 0 |a Francúzsko 
610 2 0 |a projekty 
610 2 0 |a zóny 
610 2 0 |a nástroje plánovania 
100 1 |a Moučka, J.